LEADER 00955nam0-22002891i-450- 001 990007726050403321 035 $a000772605 035 $aFED01000772605 035 $a(Aleph)000772605FED01 035 $a000772605 100 $a20021010d--------km-y0itay50------ba 101 0 $aita 200 1 $aSIM Societa di intermediazione mobiliare (Legge 2 gennaio 1991, n.1)$fDavide Viani, Enrico Zanelli$gNote Introduttive$eSen. Guide Carli, Sen. Enzo Berlanda. - 210 $aTrieste$cErgon Business Comunication$dcopyr. 1991. 215 $aXXIV, 222 p.$d21 cm 676 $a346.08 700 1$aViani,$bDavide$0231359 702 1$aZanelli,$bEnrico 801 0$aIT$bUNINA$gRICA$2UNIMARC 901 $aBK 912 $a990007726050403321 952 $a21-CB-452BIS$b2742$fDDCP 952 $a21-CB-452$b2676$fDDCP 959 $aDDCP 996 $aSIM Societa di intermediazione mobiliare (Legge 2 gennaio 1991, n.1$9666234 997 $aUNINA DB $aGEN01